Asia (Record no. 125475)

MARC details
000 -LEADER
campo de control de longitud fija 00837nam a2200181 i 4500
001 - NÚMERO DE CONTROL
campo de control 125475
003 - IDENTIFICADOR DE NÚMERO DE CONTROL
campo de control ES-MaACL
005 - FECHA Y HORA DE LA ÚLTIMA TRANSACCIÓN
campo de control 20230906192634.0
007 - CAMPO FIJO DE DESCRIPCIÓN FÍSICA--INFORMACIÓN GENERAL
campo de control de longitud fija t|
008 - DATOS DE LONGITUD FIJA--INFORMACIÓN GENERAL
campo de control de longitud fija 070613s1909 sp ||||1| spa d
100 1# - ENTRADA PRINCIPAL--NOMBRE DE PERSONA
Nombre de persona Victory, Antonio.
9 (RLIN) 114404
245 10 - MENCIÓN DEL TÍTULO
Título Asia
Resto del título : estado geográfico-político actual, China, Corea y Japón, el peligro amarillo, el conflicto yanqui-japonés /
Mención de responsabilidad, etc. conferencias leídas por el presidente del Ateneo D. Antonio Victory, en los días 23 de noviembre y 5 y 20 de diciembre de 1908.
260 ## - PUBLICACIÓN, DISTRIBUCIÓN, ETC.
Lugar de publicación, distribución, etc. Mahón :
Nombre del editor, distribuidor, etc. Ateneo Científico, Literario y Artístico,
Fecha de publicación, distribución, etc. 1909.
300 ## - DESCRIPCIÓN FÍSICA
Extensión 84 p. ;
Dimensiones 21 cm.
500 ## - NOTA GENERAL
Nota general Precede al tít.: Curso de geografía política 1908-1909.
710 2# - ENTRADA AGREGADA--NOMBRE DE ENTIDAD CORPORATIVA
Nombre de entidad corporativa o nombre de jurisdicción como elemento de entrada Ateneo Científico, Literario y Artístico de Mahón.
9 (RLIN) 141489
852 ## - LOCALIZACIÓN
Ubicación ES-MaACL
Número de control de estantería T-1157-F-1
condición física . - Ded. autógr. del autor
Holdings
Estatus retirado Estado de pérdida Estado de daño No para préstamo Colección Biblioteca de origen Biblioteca actual Ubicación en estantería Fecha de adquisición Fuente de adquisición Total de préstamos Signatura topográfica completa Código de barras Visto por última vez Precio de reemplazo Tipo de ítem Koha
        Colección de folletos Biblioteca del Ateneo de Madrid Biblioteca del Ateneo de Madrid Depósito folletos 17/01/2008     T-1157-F-1 1130714 23/02/2023 23/02/2023 Folleto